Pierre Garnier Parole â mes cotés - Statistiques

Statistiques générales
  • Ce quiz a été pris 106 fois
  • Le résultat moyen est 218 sur 247
Statistiques - réponses
Réponse % Correct
à
97%
a
97%
j'ai
97%
me
97%
et
95%
la
95%
95%
le
95%
cotés
92%
je
92%
mes
92%
peur
92%
plus
92%
pour
92%
quand
92%
que
92%
ta
92%
t'es
92%
toi
92%
tu
92%
un
92%
dans
89%
de
89%
dis
89%
du
89%
fort
89%
j'me
89%
main
89%
mais
89%
même
89%
mienne
89%
ne
89%
ou
89%
pas
89%
regard
89%
sens
89%
ton
89%
des
86%
d'un
86%
j'voudrais
86%
monde
86%
n'serai
86%
repars
86%
rien
86%
sais
86%
encore
84%
maison
84%
moi
84%
vais
84%
ça
81%
efforts
81%
les
81%
qui
81%
bien
78%
j'quitte
78%
prend
78%
sans
78%
serais
78%
temps
78%
tout
78%
haute
76%
j'oublie
76%
mot
76%
promis
76%
tête
76%
avec
73%
c'est
73%
fait
73%
homme
73%
j'avais
73%
n'serais
73%
raison
73%
tous
73%
combats
70%
d'avoir
70%
fâche
70%
j'fais
70%
semblant
70%
affronter
68%
comprends
68%
connais
68%
mieux
68%
personne
65%
tort
65%
chemin
62%
m'eloigne
59%
Aucun quiz correspondant
Distribution des résultats
% des personnes avec chaque résultat
Percentile par nombre de réponses
Votre historique - résultats
Vous n’avez pas pris ce quiz